Методы и алгоритмы параметрического анализа линейных и нелинейных моделей переноса: Сборник научных трудов

Dettagli Bibliografici
Ente Autore: Московский государственный открытый педагогический университет
Lingua:russo
Pubblicazione: Москва, Изд-во МГОПУ, 1995
Soggetti:
Natura: Libro
KOHA link:https://koha.lib.tpu.ru/cgi-bin/koha/opac-detail.pl?biblionumber=2427

MARC

LEADER 00000nam0a2200000 4500
001 2427
005 20231101204241.0
035 |a (RuTPU)RU\TPU\book\2438 
035 |a BOOK00002443 
090 |a 2427 
100 |a 20011209d1995 k y0rusy50 ca 
101 0 |a rus 
102 |a RU 
105 |a y z 000zy 
200 1 |a Методы и алгоритмы параметрического анализа линейных и нелинейных моделей переноса  |e Сборник научных трудов  |f Московский государственный открытый педагогический университет 
210 |a Москва  |c Изд-во МГОПУ  |d 1995 
215 |a 85 с. 
610 1 |a теплоперенос 
610 1 |a явления переноса 
610 1 |a массоперенос 
610 1 |a математические исследования 
610 1 |a термодинамика 
675 |a 536.24:51  |v 3 
712 0 2 |a Московский государственный открытый педагогический университет  |2 stltpush  |3 (RuTPU)RU\TPU\col\9604  |9 24733 
801 0 |a RU  |b 63413507  |c 20011209  |g PSBO 
801 2 |a RU  |b 63413507  |c 20061205  |g PSBO 
942 |c BK